00518nam a2200205 a 4500001001300000003000900013005001700022008004100039020001000080082001700090100001800107245003100125260004400156300000900200500003500209505001000244650002200254650001800276700001800294nice12345678IN_TiNIC20260116013205.0050524s1988 usaa grp 000 0 eng  ac10000a954.84bKHA7 aKhalidi, Omer aHyderabadb After the Fall aUSAbHyderabad Historical Societyc1988 a219p aincludes index and biblioraphy2 aIndex aHyderabad-History aIndia-History1 aKhalidi, Omer